| 000 | 00706nam a2200253Ia 4500 | ||
|---|---|---|---|
| 001 | 20148 | ||
| 005 | 20240114000503.0 | ||
| 007 | ta | ||
| 008 | 060220s1993 a g b000 u 465 u | ||
| 040 | _aCotton College,Assam | ||
| 041 | _a465 | ||
| 082 |
_a820.957 _bPa 192 Im |
||
| 100 | _aPandey, Sudhakar . | ||
| 245 | 0 |
_aImage of India in the Indian Novel in English 1960-1985 / _cSudhakar Pandey. _hTextual Documents |
|
| 250 | _a1st ed. / | ||
| 260 |
_aDelhi : _bOrient Lomgman , _c1993. |
||
| 300 |
_a143p. : _bill ; _c22cm . |
||
| 653 | _aEnglish Literature-Criticism | ||
| 653 | _aG-English | ||
| 700 | _aRao, R. Raj . | ||
| 942 |
_2ddc _cBK |
||
| 999 |
_c20130 _d20130 |
||